书目信息 |
| 题名: |
无障碍国家战略
|
|
| 作者: | 段培君 著 | |
| 分册: | ||
| 出版信息: | 沈阳 辽宁人民出版社 2019.07 |
|
| 页数: | 155页 | |
| 开本: | 25cm | |
| 丛书名: | 国家无障碍战略研究与应用丛书 | |
| 单 册: | ||
| 中图分类: | D669.69 | |
| 科图分类: | ||
| 主题词: | 残疾人--can ji ren--社会服务--中国 | |
| 电子资源: | ||
| ISBN: | 978-7-205-09569-7 | |
| 000 | 01090nam 2200277 450 | |
| 001 | CAL 0120182586020 | |
| 005 | 20230217093113.0 | |
| 010 | @a978-7-205-09569-7@b精装@dCNY66.00 | |
| 100 | @a20191115d2019 em y0chiy0120 ea | |
| 101 | 0 | @achi@aeng |
| 102 | @aCN@b210000 | |
| 105 | @ak a 001yy | |
| 106 | @ar | |
| 200 | 1 | @a无障碍国家战略@Awu zhang ai guo jia zhan lue@f段培君等著 |
| 210 | @a沈阳@c辽宁人民出版社@d2019.07 | |
| 215 | @a155页@d25cm | |
| 225 | 2 | @a国家无障碍战略研究与应用丛书@Aguo jia wu zhang ai zhan lue yan jiu yu ying yong cong shu@h第一辑 |
| 300 | @a国家出版基金项目 “十三五”国家重点图书出版规划项目 | |
| 320 | @a有书目 (第144-152页) 和索引 | |
| 330 | @a本书内容包括: 无障碍兴起、无障碍价值追求、国际无障碍发展机制、无障碍国家战略目标、国家战略目标体系、国家无障碍幸福工程、无障碍创新战略、无障碍区域战略等。 | |
| 410 | 0 | @12001 @a国家无障碍战略研究与应用丛书@h第一辑 |
| 606 | 0 | @a残疾人@Acan ji ren@x社会服务@y中国 |
| 690 | @aD669.69@v5 | |
| 701 | 0 | @a段培君@Aduan pei jun@4著 |
| 801 | 0 | @aCN@bBJXHZP@c20230228 |
| 905 | @b1405052-5@dD669.69@e290@f4 | |
| 无障碍国家战略/段培君等著.-沈阳:辽宁人民出版社,2019.07 |
| 155页;25cm.-(国家无障碍战略研究与应用丛书.第一辑) |
| 国家出版基金项目 “十三五”国家重点图书出版规划项目 |
| ISBN 978-7-205-09569-7(精装):CNY66.00 |
| 本书内容包括: 无障碍兴起、无障碍价值追求、国际无障碍发展机制、无障碍国家战略目标、国家战略目标体系、国家无障碍幸福工程、无障碍创新战略、无障碍区域战略等。 |
| ● |
| 相关链接 |
|
|
|
|
正题名:无障碍国家战略
索取号:D669.69/290
 
预约/预借
| 序号 | 登录号 | 条形码 | 馆藏地/架位号 | 状态 | 备注 |
| 1 | 1405052 | 214050523 | 第一样本阅览室/ [索取号:D669.69/290] | 在馆 | |
| 2 | 1405053 | 214050532 | 第一借阅区/ [索取号:D669.69/290] | 在馆 | |
| 3 | 1405054 | 214050541 | 第一借阅区/ [索取号:D669.69/290] | 在馆 | |
| 4 | 1405055 | 214050550 | 第一借阅区/ [索取号:D669.69/290] | 在馆 |